000 00391nam a2200145Ia 4500
008 240624s9999 xx 000 0 und d
041 _aeng
082 _a300.054 SIN
100 _aSINGHAROY DEBAL K
245 _aINTERROGATING SOCIAL DEVELOPMENT GLOBAL
250 _a11
260 _c2010
_aNew Delhi
_bManohar Publishers & Distributors
300 _a474 : p. : cm. ; 22
365 _cRS
_b25
999 _c17923
_d17923